000 00259nam a22001217a 4500
008 171201b xxu||||| |||| 00| 0 eng d
041 _aeng
080 _a32
100 _a20
101 _aPOL
245 _aREADINGS ON POPULATION
_cHEER,D.M
942 _2udc
_cBK
999 _c38721
_d38721